Highlights of astronomy (Record no. 7668)

MARC details
000 -LEADER
fixed length control field 00863nam a2200217Ia 4500
003 - CONTROL NUMBER IDENTIFIER
control field IN-BaIIA
008 - FIXED-LENGTH DATA ELEMENTS--GENERAL INFORMATION
fixed length control field 211028s9999 xx 000 0 eng d
040 ## - CATALOGING SOURCE
Transcribing agency IIA Library
080 ## - UNIVERSAL DECIMAL CLASSIFICATION NUMBER
Universal Decimal Classification number 0823.2:52
Item number IAU
111 ## - MAIN ENTRY--MEETING NAME
Meeting name or jurisdiction name as entry element General Assembly of the International Astronomical Union
Number of part/section/meeting XIIIth
Location of meeting Prague
Date of meeting or treaty signing 1967 Aug. 22-31
9 (RLIN) 12973
245 #0 - TITLE STATEMENT
Title Highlights of astronomy
Remainder of title proceedings of the XIIIth General Assembly of the International Astronomical Union, held in Prague, 22-31 August 1967
Statement of responsibility, etc. edited by Lubos Perek
260 ## - PUBLICATION, DISTRIBUTION, ETC.
Place of publication, distribution, etc. Dordrecht
Name of publisher, distributor, etc. D. Reidel Publishing
Date of publication, distribution, etc. 1968
300 ## - PHYSICAL DESCRIPTION
Extent x, 548p.
500 ## - GENERAL NOTE
General note Donated by Mrs. Bappu
650 ## - SUBJECT ADDED ENTRY--TOPICAL TERM
Topical term or geographic name entry element Astronomy
9 (RLIN) 80
650 ## - SUBJECT ADDED ENTRY--TOPICAL TERM
Topical term or geographic name entry element Astronomy and Astrophysics Thesaurus
650 ## - SUBJECT ADDED ENTRY--TOPICAL TERM
Topical term or geographic name entry element IAU Highlights
9 (RLIN) 5503
700 ## - ADDED ENTRY--PERSONAL NAME
Personal name Perek, Lubos, ed.
710 ## - ADDED ENTRY--CORPORATE NAME
Corporate name or jurisdiction name as entry element International Astronomical Union
942 ## - ADDED ENTRY ELEMENTS (KOHA)
Koha item type Books
Holdings
Withdrawn status Lost status Damaged status Not for loan Home library Current library Shelving location Date acquired Total Checkouts Full call number Barcode Date last seen Price effective from Koha item type
        IIA Library-Bangalore IIA Library-Bangalore General Stacks 26/07/1983   0823.2:52/ IAU 8482 05/11/2021 26/07/1983 Books

Powered by Koha